00752 a2200205 4500010001400000020002300014035001300037037001800050082001100068090001500079100001800094245004500112260004900157270008500206300003000291500004900321942002600370999001500396952013500411 aENG-85890 a8131301494c395.00 aEN-69423 bD.B.Act / Pub14a323.34 c3622d362214aShukla, A. K.1 aPolitical status of womencby A.K.Shukla aNew DelhibAPH Publishing Corporatioonc2007 a5, Ansari Road, Darya GanjbNew Delhie110 002k011- 23274050maphbooks@vsnl.net avi, 160 p.b22 cm ( Hb.) aincludes bibliographical refrences and index adplcENk323.34 / SHU c3551d3551 00102ddc40718NFICaDBADbDBADeDBAD/PUBg395.00l0o323.34 SHUpEN-69423r2008-09-15 00:00:00t1u3782v395.00w2008-09-15yEN